| 000 | 00696na a2200265 4500 | ||
|---|---|---|---|
| 001 | 14829 | ||
| 003 | MIRAKIL | ||
| 005 | 20181213154952.0 | ||
| 008 | 161024b tu 000 0 | ||
| 020 | _a9789756642580 | ||
| 035 | _a14829 | ||
| 040 |
_aMilas _btur _cTR-AnCHP |
||
| 041 | _atur | ||
| 082 |
_a925 Aslan,C. _bC35a 2007 |
||
| 090 | _a925 Aslan,C. C35a 2007 | ||
| 100 | _aCemil,Aslan | ||
| 245 |
_aArarat'ta 320 gün _cCemil Aslan |
||
| 246 | _aAraratta 320 gün | ||
| 260 |
_aİstanbul _bKutup Yıldızı Yayınları _c2007 |
||
| 300 |
_a208 s. _c20 sm. |
||
| 500 | _aKaynakça var. | ||
| 600 |
_aAslan, Cemil _xAnılar |
||
| 650 |
_aKürt sorunu _xAnılar |
||
| 942 |
_2dcc _cBKS |
||
| 999 |
_c4068 _d4068 |
||